[Event "Tournoi francophone 015"]
[Site "Skype"]
[Date "????.??.??"]
[Round "7.10"]
[White "Moumtaz, Abderrahim"]
[Black "Gadow, Martin"]
[Result "0-1"]
[WhiteElo "1260"]
[BlackElo "1412"]
[PlyCount "86"]

1. d4 Nf6 2. c4 e6 3. Nc3 d5 4. Nf3 Be7 5. Bf4 O-O 6. e3 a6 7. Bd3 c5 8. O-O
Nc6 9. dxc5 dxc4 10. Bxc4 Qxd1 11. Rfxd1 Bxc5 12. a3 b5 13. Bd3 Bb7 14. b4 Be7
15. h3 Rac8 16. Rac1 Rfd8 17. Ne5 Nd5 18. Nxd5 Rxd5 19. Nxc6 Bxc6 20. Bc2 Rxd1+
21. Rxd1 Bxg2 22. Rc1 Be4 23. Bxe4 Rxc1+ 24. Kh2 Ra1 25. Bc7 Rxa3 26. Ba5 Ra2
27. Kg2 Rb2 28. Bb7 Bxb4 29. Bxb4 Rxb4 30. Bxa6 Kf8 31. Kf3 Ke7 32. Ke2 Kd6 33.
Kd3 Kc5 34. Kc3 e5 35. f3 Rh4 36. f4 Rxh3 37. Kd2 exf4 38. exf4 Rf3 39. f5 Rxf5
40. Bc8 Rd5+ 41. Ke3 b4 42. Ke4 b3 43. Be6 fxe6 0-1

[Event "Tournoi francophone 015"]
[Site "Skype"]
[Date "????.??.??"]
[Round "7.11"]
[White "Harmelle, Dominique"]
[Black "Le Brun, Yves"]
[Result "1-0"]
[WhiteElo "1402"]
[BlackElo "1335"]
[PlyCount "55"]

1. d4 d5 2. Bf4 Bf5 3. e3 e6 4. Nd2 Bd6 5. Bg3 Bxg3 6. hxg3 Nf6 7. Ngf3 c6 8.
c3 Qb6 9. Qb3 Nbd7 10. Be2 h6 11. Ne5 Nxe5 12. dxe5 Nd7 13. Nf3 Nc5 14. Qxb6
axb6 15. Nd4 Bd3 16. b4 Bxe2 17. bxc5 bxc5 18. Nxe2 b6 19. Kd2 b5 20. Rhb1 Kd7
21. Nf4 h5 22. Nd3 c4 23. Nc5+ Kc7 24. a4 Rxa4 25. Rxa4 bxa4 26. Rb7+ Kc8 27.
Ra7 Rd8 28. Nxa4 1-0

[Event "Tournoi francophone 015"]
[Site "Skype"]
[Date "????.??.??"]
[Round "7.12"]
[White "Castellanos Gonzalez, Mariano"]
[Black "Couto, Januario"]
[Result "1/2-1/2"]
[WhiteElo "1000"]
[BlackElo "1387"]
[PlyCount "32"]

1. e4 d5 2. exd5 Qxd5 3. Nc3 Qd6 4. d4 Nf6 5. Nf3 c6 6. Bd3 Bg4 7. Be3 Nbd7 8.
h3 Bh5 9. g4 Bg6 10. Qe2 Bxd3 11. Qxd3 e6 12. g5 Nd5 13. Nxd5 cxd5 14. O-O-O
Be7 15. Qb5 Qc6 16. Qxc6 bxc6 1/2-1/2

[Event "Tournoi francophone 015"]
[Site "Skype"]
[Date "????.??.??"]
[Round "7.13"]
[White "Montilla Bejarano, Carmen"]
[Black "Amato, Ludovica"]
[Result "0-1"]
[WhiteElo "1087"]
[BlackElo "1346"]
[PlyCount "66"]

1. e4 e5 2. Nf3 Nf6 3. d4 Nxe4 4. Bd3 d5 5. Nxe5 Qe7 6. O-O Nd7 7. Nxd7 Bxd7 8.
Re1 Qf6 9. f3 Qxd4+ 10. Kh1 Bf5 11. c3 Qe5 12. Bxe4 dxe4 13. Rxe4 Bxe4 14. fxe4
Qxe4 15. Nd2 Qg6 16. Nf3 Bd6 17. Qe2+ Kd8 18. Be3 Re8 19. Rd1 Qe6 20. Rd3 Kd7
21. Ng5 Qe7 22. Qg4+ Kd8 23. Ne6+ Qxe6 24. Qxg7 Qxa2 25. Qg5+ Kc8 26. Qf5+ Qe6
27. Qxe6+ Rxe6 28. h4 Kd7 29. g4 Rae8 30. Bf2 Re2 31. Kg2 Rxb2 32. Kf3 Ree2 33.
g5 Rxf2+ 0-1

[Event "Tournoi francophone 015"]
[Site "Skype"]
[Date "????.??.??"]
[Round "7.14"]
[White "Duthoit, Bernard"]
[Black "Megelas, Florent"]
[Result "1-0"]
[WhiteElo "1338"]
[BlackElo "1539"]
[PlyCount "63"]

1. e4 e5 2. Nf3 Nc6 3. Bb5 Be7 4. Bxc6 dxc6 5. Nc3 Nf6 6. O-O Bg4 7. h3 Bxf3 8.
Qxf3 O-O 9. d3 h6 10. Qg3 Nh5 11. Qxe5 Nf6 12. Qg3 Ne8 13. Bxh6 Qd6 14. Qxd6
cxd6 15. Be3 Bf6 16. f4 Nc7 17. f5 b6 18. Rf3 Rfe8 19. Bf4 Rac8 20. Bxd6 Be5
21. Bxe5 Rxe5 22. d4 Ree8 23. e5 Rcd8 24. Rd1 Nd5 25. Nxd5 Rxd5 26. c4 Rdd8 27.
Rdd3 Kf8 28. h4 Ke7 29. f6+ gxf6 30. Rxf6 Rc8 31. Rdf3 Rf8 32. h5 1-0

[Event "Tournoi francophone 015"]
[Site "Skype"]
[Date "????.??.??"]
[Round "7.15"]
[White "Vello, Pablo"]
[Black "Ortiz, Vladimir"]
[Result "1/2-1/2"]
[WhiteElo "1135"]
[BlackElo "1443"]
[PlyCount "39"]

1. d4 f5 2. Nc3 Nf6 3. Bf4 d6 4. Nf3 Nc6 5. e3 g6 6. Bc4 Bg7 7. Ng5 Rf8 8. Be6
h6 9. Bxc8 Qxc8 10. Nf3 Qd7 11. d5 Nd8 12. Qd3 Nf7 13. Qb5 Qxb5 14. Nxb5 Nxd5
15. O-O-O c6 16. Nbd4 Bxd4 17. Nxd4 Nxf4 18. exf4 Kd7 19. Rhe1 Rfe8 20. Ne6
1/2-1/2

[Event "Tournoi francophone 015"]
[Site "Skype"]
[Date "????.??.??"]
[Round "7.17"]
[White "Bourdeau, Yvan"]
[Black "Rivalta, Paolo"]
[Result "0-1"]
[WhiteElo "1383"]
[BlackElo "1142"]
[PlyCount "54"]

1. d4 d5 2. Nf3 Nf6 3. Bf4 e6 4. e3 Bd6 5. Ne5 c5 6. c3 Nc6 7. Nd2 O-O 8. Bd3
Qc7 9. Ndf3 Ne4 10. Nxc6 Bxf4 11. Ne7+ Qxe7 12. exf4 f5 13. Ne5 Qh4 14. g3 Qh3
15. Bf1 Qh6 16. Bg2 c4 17. f3 Nd6 18. Qd2 Nf7 19. Nxf7 Rxf7 20. O-O-O b5 21.
Rde1 Rb7 22. Re2 a5 23. Qe1 b4 24. cxb4 axb4 25. b3 cxb3 26. axb3 Ra1+ 27. Kd2
Rxe1 0-1

[Event "Tournoi francophone 015"]
[Site "Skype"]
[Date "????.??.??"]
[Round "7.18"]
[White "Briere, Jean"]
[Black "Malbec, Robert"]
[Result "0-1"]
[WhiteElo "1377"]
[BlackElo "1214"]
[PlyCount "66"]

1. e4 e5 2. Nf3 Nc6 3. Bc4 Bc5 4. Nc3 Nf6 5. d3 h6 6. O-O O-O 7. Be3 Nd4 8.
Bxd4 exd4 9. Ne2 d6 10. Nfxd4 Bg4 11. f3 Bh5 12. Kh1 c6 13. Nf5 Kh7 14. Nf4 Bg6
15. Nxg6 fxg6 16. Ng3 Be3 17. Qe1 Bf4 18. Ne2 Nh5 19. Nxf4 Nxf4 20. g3 Nh5 21.
Qe3 Qd7 22. Kg2 a5 23. d4 Rae8 24. d5 b5 25. dxc6 Qxc6 26. Bd3 d5 27. Qd4 dxe4
28. Bxe4 Qe6 29. Qd3 Rf6 30. Rae1 Qxa2 31. Bxg6+ Rxg6 32. Rxe8 Qxb2 33. Re5
Nf4+ 0-1

[Event "Tournoi francophone 015"]
[Site "Skype"]
[Date "????.??.??"]
[Round "7.19"]
[White "Gharbi, Said"]
[Black "Garganese, Paolo"]
[Result "0-1"]
[WhiteElo "1335"]
[BlackElo "1199"]
[PlyCount "86"]

1. e4 c5 2. c3 Nf6 3. e5 Nd5 4. d4 cxd4 5. cxd4 Nc6 6. Nf3 e6 7. Bc4 Nb6 8. Bb3
d5 9. O-O Be7 10. Nc3 O-O 11. Bc2 f5 12. exf6 Bxf6 13. Re1 Rf7 14. Ne5 Nxe5 15.
dxe5 Bg5 16. Nb5 Bxc1 17. Rxc1 Qf8 18. Re2 a6 19. Nd6 Re7 20. Qd3 g6 21. Re3
Bd7 22. Rf3 Qg7 23. Qe3 Nc4 24. Nxc4 dxc4 25. Qe4 Bc6 26. Qxc4 Bxf3 27. gxf3
Qxe5 28. Be4 Qb5 29. Qc3 Qg5+ 30. Kh1 Rf8 31. Rg1 Qh6 32. Qb3 b5 33. Rg4 Rf4
34. Rg3 Rh4 35. Rg2 Qc1+ 36. Rg1 Qf4 37. Rg2 Qe5 38. Qa3 Rc7 39. Qe3 Qxb2 40.
Bxg6 Qc1+ 41. Rg1 Qxe3 42. fxe3 hxg6 43. Rxg6+ Kf7 0-1

[Event "Tournoi francophone 015"]
[Site "Skype"]
[Date "????.??.??"]
[Round "7.20"]
[White "Ibanez, Bittor"]
[Black "Martin, Jean-Claude"]
[Result "1-0"]
[WhiteElo "1330"]
[BlackElo "1184"]
[PlyCount "49"]

1. e4 e5 2. Nf3 Nc6 3. Bc4 Bc5 4. O-O h6 5. c3 Nf6 6. d4 exd4 7. e5 Ng4 8. cxd4
d5 9. exd6 Bxd6 10. Re1+ Ne7 11. Nbd2 O-O 12. Nf1 c6 13. Ne5 Bxe5 14. dxe5 Qxd1
15. Rxd1 Nxe5 16. b3 Nxc4 17. bxc4 Be6 18. Ba3 Rfe8 19. Ne3 Nf5 20. c5 Nxe3 21.
fxe3 Bg4 22. Rd4 Rad8 23. Rxg4 Rxe3 24. Bb2 f6 25. Bxf6 1-0

[Event "Tournoi francophone 015"]
[Site "Skype"]
[Date "????.??.??"]
[Round "7.21"]
[White "Milanese, Serge"]
[Black "Codina, Teresa"]
[Result "1/2-1/2"]
[WhiteElo "1202"]
[BlackElo "1310"]
[PlyCount "77"]

1. d4 Nf6 2. c4 d5 3. Nf3 e6 4. a3 b6 5. g3 Bb7 6. Bg2 Be7 7. Nc3 O-O 8. O-O
Nbd7 9. Re1 a6 10. Qd3 h6 11. Nd2 c6 12. e4 dxe4 13. Ncxe4 Nxe4 14. Bxe4 Nf6
15. Bg2 Qd7 16. Ne4 Nxe4 17. Bxe4 Rfd8 18. Be3 Rac8 19. Bf3 Ba8 20. Rad1 Qe8
21. Qf1 Rd7 22. Qh3 Bf8 23. Be4 c5 24. Bg5 Bxe4 25. Rxe4 cxd4 26. Rexd4 Rcc7
27. Bf4 Rb7 28. Qg4 Kh7 29. Be5 f6 30. Qe4+ Kh8 31. Rxd7 Rxd7 32. Rxd7 Qxd7 33.
Bc3 e5 34. Qa8 Qe7 35. Bb4 Qf7 36. Bxf8 Qg8 37. Bxg7+ Kh7 38. Qxg8+ Kxg8 39.
Bxf6 1/2-1/2

[Event "Tournoi francophone 015"]
[Site "Skype"]
[Date "????.??.??"]
[Round "7.23"]
[White "De Coninck, Philippe"]
[Black "Yepes Bermudez, Maribel"]
[Result "0-1"]
[WhiteElo "1173"]
[BlackElo "1287"]
[PlyCount "50"]

1. e4 d5 2. exd5 Qxd5 3. Nc3 Qa5 4. d4 c6 5. Nf3 Nf6 6. Bc4 Bf5 7. O-O e6 8.
Bd2 Qc7 9. Re1 Nbd7 10. Ne5 Nxe5 11. dxe5 Nd7 12. Bf4 Be7 13. Qd2 O-O-O 14. Qe3
Bc5 15. Qe2 h5 16. Na4 Be7 17. Qe3 Kb8 18. Rab1 Bxc2 19. Rbc1 Bf5 20. Bd3 Bxd3
21. Qxd3 Bb4 22. Re2 Nc5 23. Qc4 Nd3 24. Rf1 Qa5 25. Qc2 Nxf4 0-1

[Event "Tournoi francophone 015"]
[Site "Skype"]
[Date "????.??.??"]
[Round "7.24"]
[White "L'Herbon De Lussats, Jean"]
[Black "Ortis, Yves"]
[Result "1-0"]
[WhiteElo "1259"]
[BlackElo "1096"]
[PlyCount "75"]

1. d4 d5 2. Nf3 Nc6 3. g3 h6 4. Bg2 Nf6 5. c4 e6 6. O-O g6 7. Bf4 Bd6 8. Qc1 g5
9. Bd2 b6 10. a3 Bb7 11. b4 Ne4 12. c5 Bf8 13. Be1 Bg7 14. Nbd2 bxc5 15. bxc5
Nxd4 16. Nxd4 Bxd4 17. Rb1 Nc3 18. Bf3 Nxb1 19. Qxb1 Ba6 20. Qd1 Qd7 21. Nb3
Bb5 22. Qxd4 Ke7 23. Bb4 c6 24. Re1 f6 25. e4 e5 26. Qd1 Ba4 27. exd5 a5 28.
d6+ Kf7 29. Bh5+ Kg7 30. Bc3 Rhb8 31. Qd3 f5 32. Bxe5+ Kh7 33. Nd4 Bb5 34. Qc2
Kg8 35. Nxf5 Re8 36. Nxh6+ Kf8 37. Qg6 Rxe5 38. Qg8# 1-0

[Event "Tournoi francophone 015"]
[Site "Skype"]
[Date "????.??.??"]
[Round "7.26"]
[White "Vasquez Cienfuegos, Oscar"]
[Black "Gerbaux, Regis"]
[Result "1-0"]
[WhiteElo "1470"]
[BlackElo "1062"]
[PlyCount "43"]

1. c4 c5 2. g3 d5 3. Bg2 dxc4 4. Qa4+ Bd7 5. Qxc4 e5 6. d3 Nf6 7. Bxb7 Be6 8.
Qc2 Nbd7 9. Bxa8 Qxa8 10. Nf3 Bd6 11. Nc3 O-O 12. Bd2 Rc8 13. O-O c4 14. dxc4
Bxc4 15. Qa4 Bxe2 16. Nxe2 Qxf3 17. Nc3 Bc5 18. Qd1 Qc6 19. Qe2 Re8 20. Be3 Ne4
21. Qf3 Bxe3 22. fxe3 1-0

[Event "Tournoi francophone 015"]
[Site "Skype"]
[Date "????.??.??"]
[Round "7.27"]
[White "Colangelo, Michele"]
[Black "Scata, Laura"]
[Result "0-1"]
[WhiteElo "1000"]
[BlackElo "1366"]
[PlyCount "78"]

1. e4 c6 2. Nf3 d5 3. e5 Bf5 4. d4 e6 5. Bb5 cxb5 6. Nc3 Qa5 7. Bd2 Bb4 8. O-O
Nc6 9. a3 Bxc3 10. Bxc3 Qb6 11. Qd2 Nge7 12. Rfe1 O-O 13. Bb4 Nxb4 14. Qxb4 Nc6
15. Qd2 Qa5 16. b4 Qa4 17. c3 Qc2 18. Qxc2 Bxc2 19. Rac1 Bg6 20. Nd2 Ne7 21. h3
Rfc8 22. Nf1 Rc7 23. Ng3 Rac8 24. Ne2 Bd3 25. Nf4 Bg6 26. Ne2 h6 27. Kf1 Bf5
28. f3 Ng6 29. Kf2 Bd3 30. g3 Bxe2 31. Rxe2 Rxc3 32. Rxc3 Rxc3 33. Ra2 h5 34.
a4 bxa4 35. Rxa4 a6 36. Ra2 h4 37. Ra1 hxg3+ 38. Kxg3 Rc4 39. Rd1 Rxb4 0-1

[Event "Tournoi francophone 015"]
[Site "Skype"]
[Date "????.??.??"]
[Round "7.28"]
[White "Sauvaget, Joel"]
[Black "Busto, Ricardo"]
[Result "0-1"]
[WhiteElo "1290"]
[BlackElo "1152"]
[PlyCount "126"]

1. d4 Nf6 2. c4 e5 3. dxe5 Ng4 4. Nf3 Nc6 5. e3 Ngxe5 6. Nxe5 Nxe5 7. a3 c6 8.
Be2 Be7 9. Nd2 d5 10. cxd5 cxd5 11. O-O O-O 12. Nf3 Bf6 13. Qb3 b6 14. Nxe5
Bxe5 15. Bf3 Be6 16. Qc2 Rc8 17. Qe2 Qc7 18. Rd1 Bxh2+ 19. Kh1 Be5 20. Bxd5
Bxd5 21. Rxd5 Rfd8 22. Rd1 Rxd1+ 23. Qxd1 Rd8 24. Qe1 Qd7 25. Rb1 Qd6 26. b4
Qh6+ 27. Kg1 Qh2+ 28. Kf1 Qh1+ 29. Ke2 Qxg2 30. Bd2 Qg4+ 31. Kf1 Qh3+ 32. Ke2
Qf5 33. Rc1 Qd3+ 34. Kd1 Qxa3 35. Ke2 Qd3+ 36. Kd1 Bb2 37. Rc2 Qb3 38. e4 Bc3
39. Kc1 Bxd2+ 40. Rxd2 Qa3+ 41. Kd1 Qa1+ 42. Ke2 Qxe1+ 43. Kxe1 Rxd2 44. Kxd2
Kf8 45. Kc3 Ke7 46. Kc4 Kd6 47. Kb5 Ke5 48. Ka6 Kxe4 49. Kxa7 Kd4 50. Kxb6 h5
51. b5 h4 52. Kc6 h3 53. b6 h2 54. b7 h1=Q+ 55. Kc7 Qxb7+ 56. Kxb7 f5 57. Kc6
f4 58. Kd6 Ke4 59. Ke6 g5 60. Kf6 g4 61. Kg6 g3 62. fxg3 fxg3 63. Kg5 g2 0-1

[Event "Tournoi francophone 015"]
[Site "Skype"]
[Date "????.??.??"]
[Round "7.29"]
[White "Abdulrazzaq, Mohsen"]
[Black "Le Bouill, Pierre"]
[Result "1-0"]
[WhiteElo "1249"]
[BlackElo "1252"]
[PlyCount "85"]

1. e4 e5 2. Nf3 Nf6 3. Nc3 Nc6 4. Bc4 h6 5. d4 d6 6. dxe5 dxe5 7. Qxd8+ Nxd8 8.
Nxe5 Be6 9. Bxe6 Nxe6 10. h3 Bb4 11. Bd2 Bxc3 12. Bxc3 Nxe4 13. Bb4 c5 14. Ba3
b6 15. O-O O-O 16. Rfe1 N4g5 17. b4 Rac8 18. bxc5 bxc5 19. h4 Nh7 20. Rab1 Rfd8
21. Rb7 Nc7 22. Rxa7 f6 23. Nc6 Re8 24. Rxe8+ Rxe8 25. Rxc7 Nf8 26. Bxc5 Ne6
27. Re7 Rxe7 28. Bxe7 Kf7 29. a4 Ke8 30. Ba3 Kd7 31. Nb4 Nc5 32. a5 Kc8 33. Nd5
Nd7 34. Nb6+ Nxb6 35. axb6 Kb7 36. Bc5 Kc6 37. Be3 Kb7 38. c4 Kc6 39. Kf1 f5
40. f4 g6 41. Ke2 g5 42. hxg5 hxg5 43. fxg5 1-0

[Event "Tournoi francophone 015"]
[Site "Skype"]
[Date "????.??.??"]
[Round "7.30"]
[White "Farfallini, Michel"]
[Black "Sosa, Juan Carlos"]
[Result "0-1"]
[WhiteElo "1446"]
[BlackElo "1121"]
[PlyCount "48"]

1. e4 e5 2. Nf3 Nc6 3. Bc4 h6 4. O-O Nf6 5. d3 Bc5 6. b4 Nxb4 7. Nxe5 O-O 8. c3
Nc6 9. d4 Nxe5 10. dxc5 Nxc4 11. Qd4 d5 12. e5 Ng4 13. Na3 Ngxe5 14. Nxc4 Nxc4
15. Rb1 c6 16. Bf4 Na3 17. Rbd1 Bg4 18. f3 Bf5 19. Bc1 Nc2 20. Qe5 Qf6 21. Qxf6
gxf6 22. Bxh6 Rfe8 23. Rb1 Re7 24. Rbc1 Rae8 0-1

[Event "Tournoi francophone 015"]
[Site "Skype"]
[Date "????.??.??"]
[Round "7.31"]
[White "Vincent, Andre"]
[Black "Rodriguez, Nathalie"]
[Result "1/2-1/2"]
[WhiteElo "1377"]
[BlackElo "1167"]
[PlyCount "141"]

1. d4 d5 2. Nf3 Nf6 3. Bf4 Nc6 4. e3 e6 5. c4 Be7 6. Nc3 h6 7. cxd5 Nxd5 8. Ne5
Nxf4 9. Nxc6 bxc6 10. exf4 O-O 11. Be2 Qd6 12. Qd2 f5 13. O-O Bd7 14. Rfd1 a6
15. a3 c5 16. dxc5 Qxd2 17. Rxd2 Bxc5 18. Rxd7 Rab8 19. Rb1 Bb6 20. Bxa6 Ra8
21. Bc4 Rfe8 22. g3 Bc5 23. Rxc7 Be7 24. Bxe6+ Kh8 25. Bxf5 Bd6 26. Rc4 Ra5 27.
Rc8 Rxc8 28. Bxc8 Ra8 29. Bd7 Rd8 30. Ba4 Bc5 31. Re1 Rd2 32. Re2 Rd4 33. Re8+
Kh7 34. Bc2+ g6 35. Re2 Rd7 36. Kg2 Kg7 37. Na4 Bd4 38. Rd2 Kf6 39. Nb6 Rd6 40.
Nc4 Rd8 41. Rd3 Ke7 42. Ne5 Bxe5 43. Rxd8 Kxd8 44. fxe5 Ke7 45. Bxg6 Ke6 46. a4
Kxe5 47. a5 Kd6 48. a6 Kc7 49. a7 Kb7 50. b4 Kxa7 51. f4 Kb6 52. Bf7 Kb5 53. f5
Kxb4 54. Be6 Kc5 55. f6 Kd6 56. Bg8 Kd7 57. Kf3 Ke8 58. Ba2 Kf8 59. Kf4 Ke8 60.
Kf5 Kf8 61. Kg6 h5 62. f7 Ke7 63. Kg7 Kd6 64. f8=Q+ Ke5 65. Qe7+ Kd4 66. Qd6+
Ke3 67. Qb4 Kf2 68. Qc3 Kg1 69. Qf3 Kxh2 70. Qxh5+ Kxg3 71. Qg5+ 1/2-1/2

[Event "Tournoi francophone 015"]
[Site "Skype"]
[Date "????.??.??"]
[Round "7.32"]
[White "Hargez, Dany"]
[Black "Dhenain, Sebastien"]
[Result "0-1"]
[WhiteElo "1296"]
[BlackElo "1086"]
[PlyCount "62"]

1. e4 e6 2. e5 d5 3. Nf3 Nc6 4. Bb5 Bd7 5. Bxc6 Bxc6 6. d4 Bb4+ 7. c3 Be7 8.
O-O Bf8 9. Bg5 Be7 10. Qc2 Bxg5 11. Nxg5 Qxg5 12. f4 Qd8 13. Nd2 Bb5 14. c4
dxc4 15. Nxc4 Qxd4+ 16. Kh1 Bxc4 17. Rad1 Qc5 18. b3 b6 19. bxc4 Ne7 20. Rf3
O-O 21. Rh3 h6 22. Qe2 Rfd8 23. Rf1 Rd7 24. Qg4 Rad8 25. Rxh6 Ng6 26. Rh3 Qxc4
27. Rhf3 Rd1 28. Kg1 Qc5+ 29. R3f2 R8d2 30. Qf3 Rxf1+ 31. Kxf1 Qc1+ 0-1

[Event "Tournoi francophone 015"]
[Site "Skype"]
[Date "????.??.??"]
[Round "7.33"]
[White "Bucherie, Volcy"]
[Black "Tolaro, Filippa"]
[Result "1/2-1/2"]
[WhiteElo "1274"]
[BlackElo "1086"]
[PlyCount "116"]

1. d4 d5 2. c4 c6 3. cxd5 cxd5 4. Nc3 Nf6 5. Nf3 Bf5 6. g3 e6 7. Bg2 Bd6 8. O-O
Nc6 9. Qa4 O-O 10. Ne5 Bxe5 11. dxe5 Nxe5 12. Bf4 Nc4 13. Bg5 Nxb2 14. Bxf6
Qxf6 15. Qb3 Nc4 16. e4 Na5 17. Qb4 Nc6 18. Qb2 dxe4 19. Qd2 Qd4 20. Qb2 Nb4
21. Rad1 Nd3 22. Qc2 e3 23. Bxb7 Rab8 24. Ba6 e2 25. Bxd3 exd1=Q 26. Rxd1 Rfc8
27. Bxf5 Qxc3 28. Bxh7+ Kf8 29. Rc1 Qxc2 30. Bxc2 Rd8 31. a4 a5 32. h4 f6 33.
Re1 Rb2 34. Bg6 e5 35. f4 Rbd2 36. fxe5 Rd1 37. Kf2 R8d2+ 38. Ke3 Rd3+ 39. Kf4
Rxe1 40. Bxd3 fxe5+ 41. Kf5 Kf7 42. Bc4+ Ke7 43. h5 e4 44. Kg6 Kf8 45. g4 e3
46. g5 Rd1 47. h6 Rd6+ 48. Kh7 gxh6 49. g6 Rd7+ 50. Kxh6 Re7 51. Bd3 e2 52.
Bxe2 Re6 53. Bd3 Re7 54. Bc4 Rc7 55. Bd5 Rd7 56. Be6 Rg7 57. Bc4 Rc7 58. Bd5
Rd7 1/2-1/2

[Event "Tournoi francophone 015"]
[Site "Skype"]
[Date "????.??.??"]
[Round "7.34"]
[White "Esformes, Jacques"]
[Black "Vervoort, Jean-Louis"]
[Result "1-0"]
[WhiteElo "1052"]
[BlackElo "1273"]
[PlyCount "97"]

1. d4 d5 2. Bf4 Nf6 3. f3 Nc6 4. c3 Bf5 5. Nd2 e6 6. g4 Bg6 7. Be5 Nh5 8. e3
Qh4+ 9. Ke2 Ng3+ 10. Bxg3 Qg5 11. f4 Qxg4+ 12. Ke1 Qxd1+ 13. Kxd1 O-O-O 14. Bh3
Bd6 15. Ke1 Kb8 16. Ngf3 h6 17. Kf2 Rhe8 18. Nh4 Bh7 19. b4 a6 20. Rhb1 Bxb1
21. Rxb1 Be7 22. Nhf3 g5 23. Bg4 Rh8 24. Ne5 Nxe5 25. dxe5 h5 26. Bf3 g4 27.
Bd1 h4 28. Bxg4 hxg3+ 29. Kxg3 Rdg8 30. h3 Bh4+ 31. Kf3 Rf8 32. c4 f5 33. cxd5
fxg4+ 34. hxg4 exd5 35. f5 Rxf5+ 36. gxf5 Bg5 37. Rg1 Be7 38. a3 Rf8 39. f6 Bd8
40. Rg6 c6 41. Kf4 Ka7 42. Kf5 Kb6 43. Nf3 Kb5 44. Ng5 Ka4 45. Ne6 Rh8 46. f7
Rh5+ 47. Ng5 Bxg5 48. Rxg5 Rh8 49. Kf6 1-0

[Event "Tournoi francophone 015"]
[Site "Skype"]
[Date "????.??.??"]
[Round "7.35"]
[White "Yepez, German"]
[Black "Moraga Vasquez, Michael"]
[Result "1/2-1/2"]
[WhiteElo "1191"]
[BlackElo "1008"]
[PlyCount "66"]

1. d4 Nf6 2. Bg5 d6 3. f4 h6 4. Bh4 g5 5. fxg5 hxg5 6. Bxg5 e6 7. Nd2 Be7 8.
Bxf6 Bxf6 9. c3 e5 10. d5 Bh4+ 11. g3 Bg5 12. Ngf3 Bf6 13. e4 Nd7 14. Qc2 b6
15. Bg2 Bb7 16. Nb3 Qe7 17. O-O-O O-O-O 18. Kb1 Kb8 19. Qf2 Bg7 20. Nh4 Nf6 21.
Nf5 Qf8 22. a3 a5 23. h3 Bc8 24. g4 Bxf5 25. exf5 Re8 26. Qe2 e4 27. Qb5 Kc8
28. Rde1 e3 29. Re2 Ne4 30. Qa6+ Kd8 31. Bxe4 Rxe4 32. Qa8+ Ke7 33. Qc6 Kd8
1/2-1/2

[Event "Tournoi francophone 015"]
[Site "Skype"]
[Date "????.??.??"]
[Round "7.36"]
[White "Abate, Luigi"]
[Black "Hampton, Irene"]
[Result "1-0"]
[WhiteElo "1169"]
[BlackElo "1000"]
[PlyCount "71"]

1. e4 c6 2. c4 d6 3. Nf3 Bg4 4. Be2 e6 5. d4 Be7 6. Nc3 Nf6 7. Bf4 O-O 8. O-O
Nh5 9. Be3 Nd7 10. Qd2 Ndf6 11. Rad1 h6 12. Qc1 a5 13. e5 Nh7 14. Bxh6 Re8 15.
h3 Bxf3 16. Bxf3 g6 17. Bxh5 Bf8 18. Bf3 f5 19. g3 Rc8 20. b3 Re7 21. Rfe1 Rf7
22. Qf4 g5 23. Qc1 Bxh6 24. Bg2 Nf8 25. h4 Rg7 26. d5 f4 27. g4 Rf7 28. f3 gxh4
29. Kh2 Bg5 30. Rh1 Rh7 31. Ne4 Be7 32. exd6 h3 33. Bxh3 Ng6 34. dxe7 Qxe7 35.
g5 Nh4 36. Rdf1 1-0

[Event "Tournoi francophone 015"]
[Site "Skype"]
[Date "????.??.??"]
[Round "7.37"]
[White "Schnell, Nicolas"]
[Black "Porcabeuf, Jean-Marc"]
[Result "1/2-1/2"]
[WhiteElo "1003"]
[BlackElo "1229"]
[PlyCount "77"]

1. e4 c5 2. Bc4 d6 3. Qf3 Nh6 4. Qe2 e6 5. e5 dxe5 6. Qxe5 Be7 7. Qe2 a6 8. d3
Nc6 9. Qe3 Nf5 10. Qd2 Bf6 11. Nc3 O-O 12. Ne4 Bd4 13. Qf4 e5 14. Qg4 Nh6 15.
Qh5 Ng4 16. Bg5 Qb6 17. Nd6 Bd7 18. Bxf7+ Rxf7 19. Qxf7+ Kh8 20. b3 Bxa1 21.
Qxd7 c4 22. Be3 Qb4+ 23. Bd2 Qb6 24. Qxg4 Nd4 25. Kf1 Qxd6 26. Bh6 gxh6 27. f4
Nxc2 28. Qf5 Qxd3+ 29. Qxd3 cxd3 30. Nf3 exf4 31. Kf2 Bd4+ 32. Nxd4 Nxd4 33.
Rd1 Rc8 34. Ke1 Nc2+ 35. Kf2 Rd8 36. Kf3 d2 37. Kxf4 Ne1 38. g4 Nf3 39. Kxf3
1/2-1/2

[Event "Tournoi francophone 015"]
[Site "Skype"]
[Date "????.??.??"]
[Round "7.38"]
[White "Maccaferri, Massimo"]
[Black "Blanchard, Colette"]
[Result "1-0"]
[WhiteElo "1074"]
[BlackElo "1000"]
[PlyCount "75"]

1. e4 d6 2. d4 c6 3. Bc4 Nf6 4. Qf3 e5 5. dxe5 dxe5 6. h3 Bd6 7. g4 O-O 8. g5
Nfd7 9. h4 Nc5 10. Nh3 Be6 11. Bb3 Bxb3 12. axb3 Nba6 13. Bd2 Nb4 14. Bxb4 b6
15. Qe2 a5 16. Bd2 Be7 17. g6 fxg6 18. Bg5 Ne6 19. Bxe7 Qxe7 20. h5 gxh5 21.
Qxh5 h6 22. Nd2 Rf6 23. Qxe5 Rg6 24. f4 Qh4+ 25. Nf2 Qg3 26. Ke2 c5 27. f5 Nf4+
28. Kd1 Rf6 29. c3 Raf8 30. Kc2 Qxf2 31. Raf1 Qg3 32. Rxf4 g6 33. Rxh6 Qg5 34.
Qd5+ Kg7 35. Rhh4 Qg2 36. fxg6 Rxf4 37. Qd7+ Kg8 38. Qh7# 1-0

[Event "Tournoi francophone 015"]
[Site "Skype"]
[Date "????.??.??"]
[Round "7.39"]
[White "Fernandez, Raquel"]
[Black "Gagnon, Sindy"]
[Result "0-1"]
[WhiteElo "1038"]
[BlackElo "1000"]
[PlyCount "60"]

1. e4 Nc6 2. Nf3 d6 3. d4 d5 4. Nc3 dxe4 5. Nxe4 e6 6. Bg5 f6 7. Bf4 Bb4+ 8. c3
Ba5 9. Bc4 Bb6 10. O-O f5 11. Neg5 Nge7 12. Nxe6 Bxe6 13. Bxe6 h5 14. Ng5 Ng6
15. Nf7 Qe7 16. Nxh8 Nxf4 17. Bxf5 Qg5 18. Bg6+ Ke7 19. Qe1+ Kf6 20. g3 Nh3+
21. Kg2 Qg4 22. Rd1 Rxh8 23. Be4 h4 24. Bxc6 bxc6 25. Qe5+ Kf7 26. Rde1 Ng5 27.
Qe7+ Kg6 28. f3 Qh3+ 29. Kg1 hxg3 30. hxg3 Qh2# 0-1

[Event "Tournoi francophone 015"]
[Site "Skype"]
[Date "????.??.??"]
[Round "7.40"]
[White "Ramirez, Luis Antonio"]
[Black "Rodgerson, Michael"]
[Result "1-0"]
[WhiteElo "1017"]
[BlackElo "1000"]
[PlyCount "61"]

1. e4 c5 2. Nf3 Nc6 3. Bc4 Qc7 4. Ng5 d6 5. Nxf7 Bd7 6. Nxh8 O-O-O 7. Nf7 Re8
8. Ng5 e6 9. O-O Nge7 10. d3 g6 11. Bd2 Bg7 12. c3 d5 13. Bb3 Be5 14. g3 Rf8
15. f4 Bf6 16. Nxh7 Bg7 17. Nxf8 Bxf8 18. Na3 Bg7 19. Nb5 Qb6 20. Nd6+ Kc7 21.
Ne8+ Bxe8 22. exd5 Nd8 23. Be3 Bb5 24. Bc2 Nc8 25. Qg4 Nd6 26. Qxg6 c4 27. d4
Bd7 28. Qxg7 Qxb2 29. Bg6 Qxc3 30. f5 Qxe3+ 31. Kh1 1-0

[Event "Tournoi francophone 015"]
[Site "Skype"]
[Date "????.??.??"]
[Round "7.41"]
[White "Cassano, Mariangela"]
[Black "Trapletti, Cosetta"]
[Result "0-1"]
[WhiteElo "1000"]
[BlackElo "1000"]
[PlyCount "64"]

1. d4 d5 2. Nf3 Nf6 3. c3 e6 4. e3 Bd6 5. Bd3 c5 6. O-O O-O 7. Nbd2 c4 8. Be2
Nc6 9. b3 b5 10. b4 Ng4 11. h3 Bh2+ 12. Kh1 Nf6 13. Nxh2 Qc7 14. Nhf3 Bd7 15.
Ba3 a5 16. Qc2 axb4 17. cxb4 Rxa3 18. Qb2 Ra4 19. a3 Re8 20. Ne5 Nxe5 21. dxe5
Ne4 22. Bf3 c3 23. Qc2 Nxd2 24. Qxc3 Qxc3 25. Rac1 Qb2 26. Rb1 Nxb1 27. Rxb1
Qxb1+ 28. Kh2 Rxa3 29. Be2 Qb2 30. Bh5 Qxe5+ 31. Kg1 Ra1+ 32. Bd1 Rxd1# 0-1